[Event "40th Olympiad Open"]
[Site "Istanbul TUR"]
[Date "2012.09.06"]
[Round "9.54"]
[Board "3"]
[White "Garcia, Raul"]
[Black "Wagener, Claude"]
[Result "1/2-1/2"]
[WhiteTitle "FM"]
[BlackTitle "FM"]
[WhiteElo "2193"]
[BlackElo "2261"]
[WhiteTeam "Andorra"]
[BlackTeam "Luxembourg"]
[WhiteFideId "6900020"]
[BlackFideId "4000471"]
[EventDate "2012.08.28"]

1. d4 Nf6 2. Nf3 g6 3. c4 Bg7 4. Nc3 d5 5. e3 O-O 6. b4 Be6 7. Qb3 a5 8. b5 c5
9. bxc6 bxc6 10. cxd5 cxd5 11. Bb5 Ne4 12. O-O Na6 13. Bxa6 Rxa6 14. a4 Rc6 15.
Nb5 Qd7 16. Qa3 f6 17. Ne1 Rfc8 18. Nd3 Ra8 19. Ra2 Bf7 20. Bd2 Bf8 21. Qb3 Rc4
22. Rd1 Rcc8 23. Be1 Nd6 24. Nxd6 Qxd6 25. Rc2 Rc4 26. Nb2 Rc6 27. Rdc1 Rxc2 28.
Qxc2 e5 29. Nd3 exd4 30. exd4 Qb6 31. Nc5 Rc8 32. Qc3 Be8 33. Qxa5 Qxa5 34. Bxa5
Bxc5 35. Rxc5 1/2-1/2

[Event "40th Olympiad Open"]
[Site "Istanbul TUR"]
[Date "2012.09.06"]
[Round "9.55"]
[Board "2"]
[White "Li Ying, Patrick"]
[Black "Al-Ali, Hussein Ali Hussein"]
[Result "0-1"]
[WhiteTitle "CM"]
[BlackTitle "IM"]
[WhiteElo "2120"]
[BlackElo "2329"]
[WhiteTeam "Mauritius"]
[BlackTeam "Iraq"]
[WhiteFideId "9700056"]
[BlackFideId "4800192"]
[EventDate "2012.08.28"]

1. d4 Nf6 2. Nf3 d6 3. Bf4 g6 4. e3 Bg7 5. h3 O-O 6. Be2 c5 7. c3 b6 8. Nbd2 Bb7
9. O-O Nbd7 10. a4 cxd4 11. exd4 Nd5 12. Bh2 a5 13. Re1 N7f6 14. Bc4 Rc8 15. Qb3
Qc7 16. Re2 e6 17. Bd3 Nh5 18. Bb5 Ndf4 19. Re3 Bh6 20. Ree1 Nxg2 21. Kxg2 Bxd2
22. Re3 Bxe3 23. fxe3 Qe7 24. Be2 Rb8 25. Rf1 Rfd8 26. Kf2 Nf6 27. Nd2 Ne4+ 28.
Nxe4 Bxe4 29. Bg3 Kg7 30. Qb5 h6 31. h4 f5 32. Rg1 Kh7 33. Ke1 Re8 34. Bc4 e5
35. dxe5 dxe5 36. h5 g5 37. Qb3 Rf8 38. Qb5 Rbc8 39. Qxb6 f4 40. Ba6 Rb8 41.
Qxa5 fxg3 42. Bb5 g2 43. c4 Qf7 0-1

[Event "40th Olympiad Open"]
[Site "Istanbul TUR"]
[Date "2012.09.06"]
[Round "9.55"]
[Board "3"]
[White "Salih, Akar Ali Salih"]
[Black "Seegolam, Pradeep"]
[Result "1-0"]
[WhiteTitle "FM"]
[WhiteElo "2282"]
[BlackElo "2041"]
[WhiteTeam "Iraq"]
[BlackTeam "Mauritius"]
[WhiteFideId "4800575"]
[BlackFideId "9700080"]
[EventDate "2012.08.28"]

1. e4 c5 2. Nf3 d6 3. d4 cxd4 4. Nxd4 Nf6 5. Nc3 a6 6. Bc4 e6 7. Bb3 Be7 8. g4
b5 9. g5 Ng8 10. Rg1 Qc7 11. Be3 Nc6 12. Nxc6 Qxc6 13. Bd4 e5 14. Bd5 Qc7 15.
Bxa8 exd4 16. Qxd4 Bf8 17. O-O-O Be6 18. f4 Qc8 19. Bd5 Bd7 20. f5 h6 21. gxh6
Rxh6 22. Rxg7 Nf6 23. Bxf7+ Kd8 24. Rg6 Rxg6 25. fxg6 Bh6+ 26. Kb1 Ke7 27. Qxd6+ 1-0

[Event "40th Olympiad Open"]
[Site "Istanbul TUR"]
[Date "2012.09.06"]
[Round "9.57"]
[Board "1"]
[White "Meza Martinez, Alcides Ivan"]
[Black "Melas, Renos"]
[Result "0-1"]
[WhiteElo "2187"]
[BlackElo "2108"]
[WhiteTeam "Honduras"]
[BlackTeam "Cyprus"]
[WhiteFideId "8400610"]
[BlackFideId "5900166"]
[EventDate "2012.08.28"]

1. c4 Nf6 2. g3 e6 3. Bg2 d5 4. Nf3 dxc4 5. Na3 Bxa3 6. bxa3 Nbd7 7. Qc2 O-O 8.
O-O e5 9. Bb2 Re8 10. Qxc4 c6 11. Qc2 Qe7 12. Rac1 e4 13. Nd4 Nb6 14. a4 Nbd5
15. a5 a6 16. Nb3 Bf5 17. Qc4 Rad8 18. Nc5 Qc7 19. Rfd1 h5 20. h4 Qe7 21. Qb3
Bc8 22. Ba3 Qc7 23. Qa4 Bg4 24. Re1 e3 25. dxe3 Nxe3 26. fxe3 Rxe3 27. Rf1 Qxg3
28. Bb2 Rxe2 0-1

[Event "40th Olympiad Open"]
[Site "Istanbul TUR"]
[Date "2012.09.06"]
[Round "9.57"]
[Board "2"]
[White "Aristotelous, Vassilis"]
[Black "Huguet, Sergio"]
[Result "0-1"]
[BlackTitle "FM"]
[WhiteElo "1938"]
[BlackElo "2094"]
[WhiteTeam "Cyprus"]
[BlackTeam "Honduras"]
[WhiteFideId "5900468"]
[BlackFideId "2212552"]
[EventDate "2012.08.28"]

1. e4 Nf6 2. e5 Nd5 3. d4 d6 4. c4 Nb6 5. exd6 cxd6 6. Nc3 g6 7. Be3 Bg7 8. Rc1
Nc6 9. b3 O-O 10. d5 Ne5 11. Be2 f5 12. Nf3 Nxf3+ 13. Bxf3 Nd7 14. Qd2 Qa5 15.
O-O f4 16. Nb5 Qxd2 17. Bxd2 Ne5 18. Be4 Bd7 19. f3 Rac8 20. Nc3 g5 21. Ne2 b5
22. cxb5 Bxb5 23. Rxc8 Rxc8 24. Rc1 Rxc1+ 25. Nxc1 h6 26. g3 fxg3 27. hxg3 Nd7
28. Be3 Nc5 29. Bf5 Bb2 30. b4 Na6 31. Nd3 Bxd3 32. Bxd3 Nxb4 33. Bc4 a5 34. Bd2
Kg7 35. Bxb4 axb4 36. Bb5 Kf6 37. Bc4 h5 38. Kg2 Ke5 39. Bb3 Bd4 40. Kf1 Bb6 41.
Kg2 Bd8 42. Kf2 e6 43. dxe6 d5 44. Bd1 h4 45. f4+ gxf4 46. gxh4 Bxh4+ 47. Kf3
Bg5 48. Kg4 Be7 49. Kf3 Bd6 50. Ke2 Kxe6 51. Kd3 Bc5 52. Bg4+ Ke5 53. Bf3 Be3
54. Bg4 Kd6 55. Bd1 Kc5 56. Ba4 Bc1 57. Bd1 Bb2 58. Bf3 Bd4 59. Bd1 Be3 60. Bf3
d4 61. Bd1 Kb5 62. Be2 Ka4 63. Ke4 Ka3 64. Bc4 Kb2 65. Kf3 d3 66. Bb3 Kc1 67.
Ba4 d2 68. Ke2 Bc5 69. Bb3 f3+ 0-1

[Event "40th Olympiad Open"]
[Site "Istanbul TUR"]
[Date "2012.09.06"]
[Round "9.57"]
[Board "3"]
[White "Bobadilla, Yelso"]
[Black "Constantinou, Pavlos"]
[Result "1-0"]
[WhiteElo "1874"]
[BlackElo "2064"]
[WhiteTeam "Honduras"]
[BlackTeam "Cyprus"]
[WhiteFideId "8400970"]
[BlackFideId "5900328"]
[EventDate "2012.08.28"]

1. e4 c5 2. Nf3 Nc6 3. d4 cxd4 4. Nxd4 g6 5. Be3 Nf6 6. Nc3 Bg7 7. Be2 O-O 8.
O-O d6 9. Rb1 Bd7 10. f4 Nxd4 11. Bxd4 Bc6 12. Bf3 Qa5 13. b4 Qc7 14. b5 Bd7 15.
b6 axb6 16. e5 Nh5 17. Nd5 Qb8 18. Nxb6 Bc6 19. Bxc6 dxe5 20. Nxa8 exd4 21. Bxb7
Qa7 22. Kh1 Rxa8 23. Bxa8 Qxa8 24. f5 Bf6 25. Qf3 Qc8 26. g4 1-0

[Event "40th Olympiad Open"]
[Site "Istanbul TUR"]
[Date "2012.09.06"]
[Round "9.58"]
[Board "1"]
[White "Efimov, Igor"]
[Black "Elarbi, Abobker"]
[Result "0-1"]
[WhiteTitle "GM"]
[WhiteElo "2416"]
[BlackElo "2259"]
[WhiteTeam "Monaco"]
[BlackTeam "Libya"]
[WhiteFideId "806404"]
[BlackFideId "9200355"]
[EventDate "2012.08.28"]

1. d4 d5 2. Nf3 Nf6 3. c4 c6 4. Nc3 dxc4 5. a4 Bf5 6. e3 e6 7. Bxc4 Bb4 8. O-O
a5 9. Qe2 Ne4 10. Na2 Bd6 11. Ne5 Bxe5 12. dxe5 Nc5 13. Rd1 Qc7 14. Nc3 Nbd7 15.
e4 Bg6 16. f4 O-O 17. b3 Rad8 18. Ba3 Rfe8 19. Kh1 h6 20. Rd6 b6 21. Rad1 Nb7
22. f5 exf5 23. Rxg6 Nxe5 24. Rxd8 Qxd8 25. Rg3 f4 26. Rh3 Nd6 27. Ba6 Re6 28.
Rh5 Qf6 29. Bb2 g5 30. h4 Qg6 31. Qd1 f3 32. Rxg5 hxg5 33. gxf3 Qh5 34. Kg2 Qxh4
35. Ne2 g4 36. Bxe5 gxf3+ 0-1

[Event "40th Olympiad Open"]
[Site "Istanbul TUR"]
[Date "2012.09.06"]
[Round "9.58"]
[Board "3"]
[White "Gentilleau, Jean-Philippe"]
[Black "Asabri, Hussien"]
[Result "1/2-1/2"]
[WhiteTitle "FM"]
[BlackTitle "FM"]
[WhiteElo "2205"]
[BlackElo "2211"]
[WhiteTeam "Monaco"]
[BlackTeam "Libya"]
[WhiteFideId "5400074"]
[BlackFideId "9200177"]
[EventDate "2012.08.28"]

1. e4 e5 2. Nf3 Nc6 3. Nc3 Nf6 4. d4 exd4 5. Nxd4 Bb4 6. Nxc6 bxc6 7. Bd3 d5 8.
exd5 cxd5 9. O-O O-O 10. Bg5 c6 11. Na4 h6 12. Bh4 Bd6 13. c3 Re8 14. b4 a5 15.
a3 axb4 16. axb4 Ba6 17. Nb2 Bxd3 18. Qxd3 Rxa1 19. Rxa1 g5 20. Bg3 Bxg3 21.
hxg3 Qb6 22. Kf1 Ng4 23. Qd4 Qb5+ 24. Qd3 Qb6 25. Qd4 Qb5+ 26. Qd3 Qb6 1/2-1/2

[Event "40th Olympiad Open"]
[Site "Istanbul TUR"]
[Date "2012.09.06"]
[Round "9.61"]
[Board "2"]
[White "Arosemena, Jorge Luis"]
[Black "Li, Hui"]
[Result "1/2-1/2"]
[WhiteTitle "FM"]
[WhiteElo "2092"]
[BlackElo "1958"]
[WhiteTeam "Panama"]
[BlackTeam "Macau"]
[WhiteFideId "6600140"]
[BlackFideId "15400310"]
[EventDate "2012.08.28"]

1. e4 c5 2. Nf3 d6 3. d4 cxd4 4. Nxd4 Nf6 5. Nc3 a6 6. Be2 e6 7. a4 Be7 8. O-O
O-O 9. f4 Nc6 10. Kh1 Qc7 11. Nb3 b6 12. Be3 Bb7 13. Qe1 Na5 14. Nxa5 bxa5 15.
Bd3 d5 16. exd5 Nxd5 17. Nxd5 Bxd5 18. Bd4 f5 19. c4 Be4 20. Bxe4 fxe4 21. Qxe4
Qxc4 22. Rac1 Qd5 23. g3 Rac8 24. Qxd5 exd5 25. Kg2 Bf6 26. Bxf6 gxf6 27. Rfd1
Rxc1 28. Rxc1 Rb8 29. Rb1 Rb3 30. Kf2 Kf7 31. Ke2 h5 32. Kd2 h4 33. gxh4 Rf3 34.
Rc1 Rxf4 35. Rc7+ Kg6 36. b3 Rxh4 37. Rc5 Rxh2+ 38. Kc1 Rh1+ 39. Kc2 Rh2+ 40.
Kc1 Rh1+ 41. Kc2 Rh2+ 42. Kc1 1/2-1/2

[Event "40th Olympiad Open"]
[Site "Istanbul TUR"]
[Date "2012.09.06"]
[Round "9.61"]
[Board "3"]
[White "Celis, Joel"]
[Black "Valdes, Rances"]
[Result "0-1"]
[BlackTitle "CM"]
[WhiteElo "1810"]
[BlackElo "2139"]
[WhiteTeam "Macau"]
[BlackTeam "Panama"]
[WhiteFideId "15400212"]
[BlackFideId "6600239"]
[EventDate "2012.08.28"]

1. e4 c5 2. Nf3 d6 3. d4 cxd4 4. Nxd4 Nf6 5. Nc3 e6 6. Be2 Be7 7. O-O a6 8. a4
Qc7 9. Kh1 Nc6 10. f4 O-O 11. Bf3 Rb8 12. Be3 Re8 13. Qe1 Na5 14. Rd1 b6 15. b4
Nc4 16. e5 dxe5 17. fxe5 Nxe5 18. Bf4 Nfd7 19. Nc6 Nxf3 20. Bxc7 Nxe1 21. Bxb8
Nxc2 22. Nxe7+ Rxe7 23. Rc1 Nxb8 24. Rxc2 Bb7 25. Ne2 f6 26. Rfc1 Nd7 27. Rc7
Bd5 28. R1c3 Kf7 29. Nd4 Ne5 30. Rxe7+ Kxe7 31. Kg1 Kd7 32. a5 b5 33. Nb3 Bxb3
34. Rxb3 Kd6 35. Rc3 Nc6 36. Rb3 Kd5 37. Rb1 Kc4 38. Rc1+ Kd5 39. Rb1 Kc4 40.
Rc1+ Kd5 41. Rd1+ Nd4 42. Kf2 e5 43. Rc1 Nc6 44. Rd1+ Ke6 45. Rb1 f5 46. Ke3 g5
47. Kd3 h5 48. Kc3 e4 49. Re1 Ke5 50. Rd1 Ke6 51. Re1 Ke5 52. Rd1 f4 53. Rd7 f3
54. gxf3 exf3 55. Kd2 Nxb4 56. Rh7 Kf4 57. Rxh5 Nc6 58. Rh6 Nxa5 59. Rxa6 Nc4+
60. Ke1 g4 61. Kf2 Ne5 62. Rf6+ Ke4 63. h4 gxh3 64. Kg3 h2 65. Rh6 f2 66. Kg2
Ng4 67. Rh8 b4 68. Re8+ Kf4 69. Rf8+ Ke4 70. Re8+ Kd3 71. Rd8+ Kc2 72. Rc8+ Kb1
73. Rd8 h1=Q+ 0-1

[Event "40th Olympiad Open"]
[Site "Istanbul TUR"]
[Date "2012.09.06"]
[Round "9.62"]
[Board "1"]
[White "Tsang, Hon Ki"]
[Black "Burgos Figueroa, Carlos E."]
[Result "1-0"]
[BlackTitle "IM"]
[WhiteElo "2084"]
[BlackElo "2272"]
[WhiteTeam "Hong Kong"]
[BlackTeam "El Salvador"]
[WhiteFideId "6000185"]
[BlackFideId "6700187"]
[EventDate "2012.08.28"]

1. Nf3 c5 2. g3 Nc6 3. Bg2 g6 4. d4 cxd4 5. Nxd4 Bg7 6. Nb3 a5 7. a4 Nf6 8. Nc3
O-O 9. O-O d6 10. e4 Be6 11. Nd5 Re8 12. Be3 Bxd5 13. exd5 Ne5 14. Nd4 Nc4 15.
Bc1 Qb6 16. Nb5 Nd7 17. c3 Nc5 18. b3 Ne5 19. Be3 Qd8 20. Re1 Rc8 21. Rb1 Qd7
22. h3 Qf5 23. f4 Ned7 24. b4 axb4 25. cxb4 Na6 26. Bf2 Qc2 27. Qxc2 Rxc2 28.
Nxd6 Rd8 29. Nxb7 Rb8 30. b5 Nac5 31. Nxc5 Nxc5 32. Bxc5 Rxc5 33. Rec1 Bd4+ 34.
Kf1 Rxc1+ 35. Rxc1 Bb6 36. Rc6 Kf8 37. Ke2 Ke8 38. Kd3 Kd7 39. Kc4 Bf2 40. a5
Be1 41. a6 Bf2 42. Kb4 Rc8 43. b6 1-0

[Event "40th Olympiad Open"]
[Site "Istanbul TUR"]
[Date "2012.09.06"]
[Round "9.62"]
[Board "2"]
[White "Chavez, Ricardo Ernesto"]
[Black "Lee, T H Bryan"]
[Result "1-0"]
[WhiteTitle "FM"]
[WhiteElo "2205"]
[BlackElo "2016"]
[WhiteTeam "El Salvador"]
[BlackTeam "Hong Kong"]
[WhiteFideId "6700098"]
[BlackFideId "6000584"]
[EventDate "2012.08.28"]

1. e4 e5 2. Nf3 Nc6 3. Bb5 a6 4. Ba4 Nf6 5. Qe2 b5 6. Bb3 Bc5 7. c3 d6 8. O-O
O-O 9. Rd1 Bg4 10. h3 Bh5 11. d3 h6 12. Nbd2 Re8 13. g4 Bg6 14. Nf1 Bb6 15. Ng3
Na5 16. Bc2 c5 17. Nf5 Qd7 18. N3h4 Bd8 19. Kh1 Nh7 20. Be3 Bg5 21. Nf3 Bxf5 22.
gxf5 Qe7 23. Nxg5 Nxg5 24. Qg4 Qf6 25. Rg1 Nh7 26. Rg3 Kh8 27. Rag1 Rg8 28. Qh5
Rac8 29. h4 Rb8 30. Bg5 Nxg5 31. hxg5 Qe7 32. f6 Qf8 33. fxg7+ Qxg7 34. Rf3 Rbf8
35. Rf6 Qxf6 36. gxf6 Rxg1+ 37. Kxg1 Rg8+ 38. Kf1 Rg6 39. Qh4 c4 40. b4 cxd3 41.
Bxd3 Nc6 42. Be2 Nd8 43. Bh5 Rg5 44. Bg4 1-0

[Event "40th Olympiad Open"]
[Site "Istanbul TUR"]
[Date "2012.09.06"]
[Round "9.62"]
[Board "3"]
[White "Qian, Kun Arthas"]
[Black "Arias, Daniel"]
[Result "1-0"]
[WhiteElo "1983"]
[BlackElo "2081"]
[WhiteTeam "Hong Kong"]
[BlackTeam "El Salvador"]
[WhiteFideId "6001556"]
[BlackFideId "6700640"]
[EventDate "2012.08.28"]

1. d4 Nf6 2. Nc3 c5 3. d5 d6 4. e4 a6 5. Nf3 g6 6. a4 Bg7 7. Be2 Bg4 8. O-O Bxf3
9. Bxf3 O-O 10. Be3 Nbd7 11. Be2 Rb8 12. Qd2 b5 13. f3 b4 14. Nd1 Qc8 15. Bh6
Bxh6 16. Qxh6 c4 17. g4 Qc5+ 18. Kh1 e6 19. g5 Ne8 20. Nf2 exd5 21. exd5 Qxd5
22. Rad1 Qe5 23. Bxc4 Qxb2 24. Bb3 Nc5 25. Ne4 Nxe4 26. fxe4 Qe5 27. Qh4 Nc7 28.
Rd3 Rbe8 29. Rdf3 Ne6 30. Rg3 Nc5 31. Bxf7+ Rxf7 32. Rxf7 Kxf7 33. Qxh7+ Ke6 34.
Rf3 Re7 35. Qh3+ 1-0

[Event "40th Olympiad Open"]
[Site "Istanbul TUR"]
[Date "2012.09.06"]
[Round "9.62"]
[Board "4"]
[White "Chavez, Hector Eduardo"]
[Black "Chan, Chak Man"]
[Result "1/2-1/2"]
[WhiteElo "2153"]
[BlackElo "1818"]
[WhiteTeam "El Salvador"]
[BlackTeam "Hong Kong"]
[WhiteFideId "6700160"]
[BlackFideId "6001300"]
[EventDate "2012.08.28"]

1. e4 Nf6 2. d3 c5 3. g3 Nc6 4. Bg2 d5 5. Nc3 dxe4 6. dxe4 Qxd1+ 7. Nxd1 e5 8.
Bg5 Nd4 9. Ne3 Ng4 10. Nxg4 Bxg4 11. Rc1 f6 12. Be3 Be7 13. h3 Be6 14. c3 Nc6
15. Ra1 O-O 16. Nf3 Bc4 17. Nd2 Bd3 18. Bf1 Rad8 19. Bxd3 Rxd3 20. Ke2 Rfd8 21.
Rad1 b6 22. Nc4 Rxd1 23. Rxd1 Rxd1 24. Kxd1 Kf7 25. Kc2 Ke6 26. Bc1 g6 27. f3
Bd8 28. Ne3 f5 29. Nd5 g5 30. g4 f4 31. Kd3 Na5 32. Bd2 c4+ 33. Kc2 Be7 34. b3
Kd7 35. Bc1 b5 36. Bd2 Nc6 37. b4 Bf8 38. Be1 a6 39. Bf2 h6 40. Bb6 Nb8 41. Bc7
Nc6 42. Bb6 Nb8 43. Kd2 Nc6 44. a4 Nb8 45. a5 Nc6 46. Bf2 Bd6 47. h4 Ke6 48.
hxg5 hxg5 49. Bb6 Ne7 50. Nxe7 1/2-1/2

[Event "40th Olympiad Open"]
[Site "Istanbul TUR"]
[Date "2012.09.06"]
[Round "9.63"]
[Board "1"]
[White "Chipanga, Chiletso"]
[Black "Hamal, Manish"]
[Result "0-1"]
[WhiteTitle "CM"]
[BlackTitle "FM"]
[WhiteElo "2116"]
[BlackElo "2118"]
[WhiteTeam "Malawi"]
[BlackTeam "Nepal"]
[WhiteFideId "16400119"]
[BlackFideId "12300110"]
[EventDate "2012.08.28"]

1. e4 e6 2. d4 d5 3. exd5 exd5 4. c4 Nf6 5. Nf3 Bb4+ 6. Nc3 O-O 7. a3 Bxc3+ 8.
bxc3 Bg4 9. Be2 dxc4 10. O-O b5 11. Qc2 Qd5 12. Be3 Nbd7 13. a4 a6 14. Rfe1 Nb6
15. a5 Nbd7 16. Nh4 Rfe8 17. h3 Bxe2 18. Qxe2 Qe4 19. g3 Qe6 20. Kh2 Qd5 21.
Rac1 Re6 22. Ng2 Re7 23. Nf4 Qe4 24. f3 Qc6 25. Ng2 Nd5 26. Qf2 Rae8 27. Bd2
Rxe1 28. Rxe1 Rxe1 29. Qxe1 Qe6 30. Qf1 f6 31. h4 c5 32. Qf2 cxd4 33. Qxd4 Ne5
34. Ne1 Nc6 35. Qf2 Nxa5 36. Ng2 Nc6 37. h5 Ne5 38. Nh4 b4 39. cxb4 c3 40. Bc1
Nd3 41. Qc2 Nxc1 42. Qxc1 Qe2+ 43. Ng2 Qd2 44. Qg1 c2 45. Qa7 c1=Q 46. Qxa6 Qc7
47. Qe6+ Kf8 48. Kh3 Qg5 49. f4 Qxh5+ 50. Nh4 Nxf4+ 51. gxf4 Qc3+ 52. Kg2 Qd2+
53. Kg3 Qd3+ 0-1

[Event "40th Olympiad Open"]
[Site "Istanbul TUR"]
[Date "2012.09.06"]
[Round "9.64"]
[Board "1"]
[White "Sanon, Mondoly"]
[Black "Heiba, Mohamed"]
[Result "0-1"]
[WhiteElo "2088"]
[BlackElo "1903"]
[WhiteTeam "Haiti"]
[BlackTeam "Mauritania"]
[WhiteFideId "11900059"]
[BlackFideId "19600089"]
[EventDate "2012.08.28"]

1. e4 e5 2. Nf3 Nc6 3. d4 exd4 4. Nxd4 Bc5 5. Nb3 Bb6 6. Bd3 Qf6 7. O-O Nge7 8.
Nc3 a6 9. Qe2 O-O 10. Be3 Bxe3 11. Qxe3 d6 12. f4 Re8 13. a3 Be6 14. Kh1 Qh6 15.
Nd4 Nxd4 16. Qxd4 Nc6 17. Qf2 f6 18. Rae1 Ne7 19. f5 Bf7 20. Re3 Nc6 21. Rh3 Qg5
22. Ne2 d5 23. exd5 Ne5 24. Nc3 Ng4 25. Qd4 Re3 26. Ne4 Rxe4 27. Bxe4 Re8 28.
Kg1 h5 29. Rc3 Re7 30. h3 Ne5 31. d6 cxd6 32. Qxd6 Rd7 33. Rc8+ Kh7 34. Qf8 Qe3+
35. Kh1 Kh6 36. h4 Bg6 37. fxg6 Qxe4 38. Rc3 Nxg6 39. Qc5 Qxh4+ 40. Rh3 Qg4 41.
Qe3+ Kh7 42. Rg3 Qc4 43. Qf3 Rd5 44. Rd1 Rb5 45. c3 Kh6 46. Rd4 Qe6 47. Re4 Ne5
48. Qe2 Qf5 49. Qd2+ g5 50. Re1 h4 51. Rh3 Kh5 52. a4 Rc5 53. Rhe3 Qf4 54. Qd4
Ng4 55. Qxf4 gxf4 56. Rf3 Kg5 57. Re4 Rf5 58. Re7 Re5 59. Rxe5+ fxe5 60. b4 e4
61. Rf1 Ne5 62. Kg1 Nd3 63. Rd1 Kg4 64. Kf1 f3 65. c4 fxg2+ 66. Kxg2 h3+ 67. Kh2
Nxb4 68. Rd7 e3 69. Rg7+ Kf3 70. Kxh3 e2 71. Rf7+ Ke3 72. Rxb7 e1=Q 73. Re7+ Kf2
74. Rxe1 Kxe1 75. Kg4 Kd2 76. Kf5 Kc3 77. c5 Kc4 0-1

[Event "40th Olympiad Open"]
[Site "Istanbul TUR"]
[Date "2012.09.06"]
[Round "9.64"]
[Board "2"]
[White "Sidi Mbareck Mohamed"]
[Black "Lebrun, Piersont"]
[Result "1/2-1/2"]
[BlackTitle "CM"]
[WhiteElo "1947"]
[BlackElo "1973"]
[WhiteTeam "Mauritania"]
[BlackTeam "Haiti"]
[WhiteFideId "19600186"]
[BlackFideId "11900083"]
[EventDate "2012.08.28"]

1. e4 c5 2. c3 d5 3. exd5 Qxd5 4. d4 cxd4 5. cxd4 Nc6 6. Nf3 e6 7. Nc3 Bb4 8.
Bd3 Nf6 9. O-O Bxc3 10. bxc3 O-O 11. Re1 h6 12. Ne5 Rd8 13. Qe2 Nxe5 14. Qxe5
Qxe5 15. Rxe5 b6 16. a4 Bb7 17. a5 Rdc8 18. Bd2 Nd7 19. Be4 Nxe5 20. Bxb7 Nc4
21. axb6 Nxb6 22. Bxa8 Rxa8 23. Kf1 Kf8 24. Ke2 Ke7 25. Kd3 Kd7 26. c4 a6 27.
Ba5 Nc8 28. d5 exd5 29. cxd5 Nd6 30. Rc1 Nb5 31. Rc6 Ra7 32. g4 Ra8 33. h4 Ra7
34. f4 Ra8 35. h5 Ra7 36. g5 hxg5 37. fxg5 Ra8 38. h6 gxh6 39. gxh6 Ke7 40. Ke4
f6 41. Kf4 Rh8 42. Bb4+ Kf7 43. d6 Nxd6 1/2-1/2

[Event "40th Olympiad Open"]
[Site "Istanbul TUR"]
[Date "2012.09.06"]
[Round "9.64"]
[Board "3"]
[White "Luxama, Jacques"]
[Black "Taleb Mohamed, Ahmed"]
[Result "0-1"]
[WhiteElo "1964"]
[BlackElo "1965"]
[WhiteTeam "Haiti"]
[BlackTeam "Mauritania"]
[WhiteFideId "11900113"]
[BlackFideId "19600038"]
[EventDate "2012.08.28"]

1. d4 d5 2. c4 c6 3. Nf3 Nf6 4. Nc3 a6 5. e3 e6 6. Bd3 dxc4 7. Bxc4 b5 8. Bd3
Bb7 9. O-O c5 10. dxc5 Bxc5 11. a3 O-O 12. b4 Ba7 13. Be2 Qc7 14. Bb2 Rd8 15.
Qb3 Ng4 16. g3 Qc6 17. Na2 Qe4 18. Qc3 f6 19. h3 Ne5 20. Qc7 Nxf3+ 21. Bxf3 Qxf3
22. Qxd8+ Kf7 23. Qc7+ Kg6 24. Qxb7 Qxb7 25. Rfd1 Nc6 26. Rac1 Rd8 27. Rxd8 Nxd8
28. Nc3 Nc6 29. Ne2 Ne5 30. Nf4+ Kf7 31. Bxe5 fxe5 32. Nd3 Kf6 33. Kf1 Qf3 34.
Ke1 Bxe3 35. Rc8 Qe4 36. Ke2 Bxf2+ 37. Kd2 Qe3+ 38. Kc2 Qe2+ 0-1

[Event "40th Olympiad Open"]
[Site "Istanbul TUR"]
[Date "2012.09.06"]
[Round "9.64"]
[Board "4"]
[White "Yahi, Mohamed Salem"]
[Black "Bazil, Joslin"]
[Result "1/2-1/2"]
[WhiteElo "1895"]
[BlackElo "1812"]
[WhiteTeam "Mauritania"]
[BlackTeam "Haiti"]
[WhiteFideId "19600160"]
[BlackFideId "11900032"]
[EventDate "2012.08.28"]

1. d4 d5 2. c4 e6 3. Nc3 Nf6 4. cxd5 exd5 5. Bg5 c6 6. e3 Be7 7. Bd3 Nbd7 8. Nf3
O-O 9. Qc2 h6 10. Bh4 Re8 11. O-O Ne4 12. Bxe7 Qxe7 13. Rab1 Ndf6 14. Ne5 Bf5
15. b4 Nxc3 16. Qxc3 Bxd3 17. Qxd3 Rac8 18. a4 Rc7 19. Rfc1 Rec8 20. Qb3 Qe6 21.
h3 g6 22. Rc2 Kg7 23. Rbc1 Qd6 24. Nd3 b6 25. Ne5 Nd7 26. Nd3 Nf6 27. a5 Nd7 28.
axb6 axb6 29. Ra2 c5 30. dxc5 bxc5 31. bxc5 Nxc5 32. Rxc5 Rxc5 33. Nxc5 Qxc5 34.
Rd2 Rd8 35. Qb2+ Kg8 36. Rd4 Rd6 37. g3 Kh7 38. Rb4 Rd7 39. Rb8 d4 40. Ra8 Qd6
41. exd4 Qxd4 42. Qb8 Qg7 43. Qe8 f5 44. Rc8 Re7 45. Qd8 Rd7 46. Qe8 Re7 1/2-1/2

[Event "40th Olympiad Open"]
[Site "Istanbul TUR"]
[Date "2012.09.06"]
[Round "9.65"]
[Board "1"]
[White "Del Castilho, Martyn"]
[Black "Prasad, Calvin"]
[Result "1/2-1/2"]
[WhiteTitle "FM"]
[BlackTitle "CM"]
[WhiteElo "2260"]
[BlackElo "2002"]
[WhiteTeam "Barbados"]
[BlackTeam "Fiji"]
[WhiteFideId "11100400"]
[BlackFideId "11400072"]
[EventDate "2012.08.28"]

1. e4 c6 2. d4 d5 3. e5 g6 4. h3 h5 5. Nf3 Nh6 6. Be2 Nf5 7. O-O e6 8. c4 Be7 9.
Nc3 Nd7 10. b3 Nf8 11. Bb2 Nh7 12. c5 Bd7 13. b4 g5 14. Nh2 Qc7 15. Bxh5 O-O-O
16. Be2 Nh4 17. Rb1 f5 18. a4 g4 19. hxg4 Ng5 20. b5 Rdf8 21. b6 axb6 22. cxb6
Qd8 23. a5 Rf7 24. a6 Kb8 25. axb7 c5 26. Qb3 Kxb7 27. Ba6+ Kb8 28. Be2 Bc6 29.
Qa2 Bf8 30. Bc1 Nhf3+ 31. Bxf3 Rxh2 32. Bxg5 Qxg5 33. b7 Bxb7 34. Rxb7+ Rxb7 35.
Rb1 Rh7 36. Ra1 Ra7 37. Rb1+ Rab7 38. Ra1 Ra7 39. Rb1+ Rhb7 40. Rxb7+ Rxb7 41.
gxf5 cxd4 42. Nd1 Qxf5 43. Qe2 Bg7 44. Bg4 Qxe5 45. Qxe5+ Bxe5 46. Bxe6 Rb1 47.
Bg4 Kc7 48. g3 d3 49. f4 Bd4+ 50. Kg2 Kd6 51. Bf3 Rb8 52. g4 Re8 53. Kg3 Re1 54.
g5 Rg1+ 55. Kh4 Ke6 56. Bg4+ Kf7 57. f5 Rh1+ 58. Kg3 Be5+ 59. Kf2 d4 60. Kg2 Rh8
61. Kf3 Rh4 62. Nf2 d2 63. Nd1 Bh2 64. Nf2 Bg1 65. g6+ Kg7 66. Nd1 Kf6 67. Kg3
Rh8 68. Kg2 Be3 69. Kf3 Rb8 70. Ke2 Rb1 71. Bf3 1/2-1/2